Boletn̕ Europeo de Derecho Alimentario

El Boletn̕ Europeo de Derecho Alimentario es editado por vLex mensualmente de forma conjunta con Food Chemical News, publicacin̤ pionera y de ms̀ prestigio en el r̀ea de la polt̕ica y el derecho alimentario

Detalles Bibliográficos
Formato: Desconocido
Lenguaje:español
Publicado: [Barcelona] : vLex
Materias:
Acceso en línea:Acceso restringido

MARC

LEADER 00000ny a22000003n 4500
005 20110509135146.0
008 080924s20019999sp mr s 000 a0spa c
035 |a 55 
040 |a UMA.RE  |d vlex 
080 |a 664(4)(094)(0.034) 
090 |c 1463  |d 1463 
245 3 0 |a Boletn̕ Europeo de Derecho Alimentario  |h [Recurso electrn̤ico] 
256 |a Servicio en ln̕ea 
260 |a [Barcelona] :  |b vLex 
310 |a Mensual 
506 1 |a Contenido solo disponible en los productos indicados  |d vLex Global  |d vLex Global (Academic Edition, excluding Law Schools)  |d vLex Global (U.S. Academic Edition, Law Schools)  |d vLex Global (U.S. Academic Edition, excluding Law Schools)  |d vLex Global (Academic Edition, Law Schools) 
520 |a El Boletn̕ Europeo de Derecho Alimentario es editado por vLex mensualmente de forma conjunta con Food Chemical News, publicacin̤ pionera y de ms̀ prestigio en el r̀ea de la polt̕ica y el derecho alimentario 
650 0 4 |a Comunitario  |2 Tesauro vLex 
740 0 |a vLex Revista (Servicios en ln̕ea) 
853 |8 1  |i (year)  |j (month)  |k (day) 
856 4 0 |u http://vlex.com/source/55  |z Acceso restringido 
942 |c REV